Bộ luật tố tụng dân sự

Giới thiệu những quy định pháp luật về thủ tục giải quyết tại toà án cấp sơ thẩm, phúc thẩm; giải quyết vụ án dân sự theo thủ tục rút gọn, thủ tục xét lại bản án, quyết định đã có hiệu lực pháp luật, thủ tục giải quyết việc dân sự,...

Disgrifiad llawn

Wedi'i Gadw mewn:
Manylion Llyfryddiaeth
Awduron Corfforaethol: Việt Nam (Cộng hòa Xã hội Chủ nghĩa), Quốc hội
Fformat: Llyfr
Iaith:Undetermined
Cyhoeddwyd: Hà Nội Chính trị Quốc gia 2015
Pynciau:
Tagiau: Ychwanegu Tag
Dim Tagiau, Byddwch y cyntaf i dagio'r cofnod hwn!
Thư viện lưu trữ: Trung tâm Học liệu Trường Đại học Cần Thơ
LEADER 01370nam a2200229Ia 4500
001 CTU_160683
008 210402s9999 xx 000 0 und d
020 |c 65000 
082 |a 347.59705 
082 |b V308 
110 |a Việt Nam (Cộng hòa Xã hội Chủ nghĩa) 
110 |b Quốc hội 
245 0 |a Bộ luật tố tụng dân sự 
245 0 |c Việt Nam (Cộng hòa Xã hội Chủ nghĩa). Quốc hội 
260 |a Hà Nội 
260 |b Chính trị Quốc gia 
260 |c 2015 
520 |a Giới thiệu những quy định pháp luật về thủ tục giải quyết tại toà án cấp sơ thẩm, phúc thẩm; giải quyết vụ án dân sự theo thủ tục rút gọn, thủ tục xét lại bản án, quyết định đã có hiệu lực pháp luật, thủ tục giải quyết việc dân sự, thủ tục công nhận và cho thi hành án tại Việt Nam có yếu tố nước ngoài; xử lí các hành vi cản trở hoạt động tố tụng dân sự; khiếu nại, tố cáo trong tố tụng dân sự 
650 |a Civil procedure,Tố tụng dân sự 
650 |z Vietnam,Việt Nam 
904 |i Hải 
980 |a Trung tâm Học liệu Trường Đại học Cần Thơ